Normal view
MARC view
- Wallach, Paul Ross
Entry Personal Name
001 - CONTROL NUMBER
- control field: 122165
003 - CONTROL NUMBER IDENTIFIER
- control field: NUST
005 - DATE AND TIME OF LATEST TRANSACTION
- control field: 20240319122344.0
008 - FIXED-LENGTH DATA ELEMENTS
- fixed length control field: 240319|| aca||aabn | a|a d
040 ## - CATALOGING SOURCE
- Original cataloging agency: NUST
- Transcribing agency: NUST
100 ## - HEADING--PERSONAL NAME
- Personal name: Wallach, Paul Ross
670 ## - SOURCE DATA FOUND
- Source citation: Work cat.: (NUST): Wallach, Paul Ross, Fundamentals of Modern Drafting, 2014.
